LDR 00774naa#a2200169#i#450# 001 RU\\bibl\121696 005 20260428083311.2 011 ## _a2073-0454 100 ## _a20260423b2026####ek#y0rusy0150####ca 102 ## _aRU 200 1# _aПравовой статус грузополучателя в договоре перевозки: права, обязанности и защита интересов _eЖурнальная статья 210 1# _aМосква _cМосковский университет МВД России имени В.Я. Кикотя _d2026 215 ## _a6 с. 608 ## _aЖурнальная статья _2local 675 ## _aПеревозка товаров. 347.763.3 _z 700 #1 _aЛончакова _gЮлия Андреевна 856 4# _amosumvd.editorum.ru _u